000 00477nam a22001575i 4500
001 48441
003 ES-MaACL
007 t|
008 950718s1879 fr ||||1| fre d
040 _aCAM
_bspa
_cCAM
100 1 _aDecharme, Paul.
_943160
245 1 0 _aMythologie de la Grèce antique /
_cpar P. Decharme.
260 _aParis :
_bGarnier fréres,
_c1879 (
_ftypographie Lahure)
300 _a[6], XXV, 644 p., [5] h. de lám. :
_bil. ;
_c25 cm.
852 _aES-MaACL
_jB-5005
999 _c48441
_d48441